U.S. Cities A-Z Map Quiz - Statistics

General Stats
  • This quiz has been taken 235 times
  • The average score is 19 of 26
Answers on the Map
Answers color-coded by a green-red scale on the quiz's map according to % correct below.
 
Answer Stats
Answer % Correct
Boise
89%
Seattle
89%
Denver
87%
Chicago
86%
Indianapolis
84%
Atlanta
82%
El Paso
82%
Kansas City
81%
Miami
81%
New Orleans
81%
Virginia Beach
80%
Long Beach
79%
Tampa
78%
Juneau
77%
Hartford
73%
Rochester
73%
Grand Rapids
71%
Omaha
71%
Fargo
68%
Wichita
65%
Provo
61%
Quincy
54%
Union City
47%
Yuba City
43%
Zanesville
39%
Xenia
36%
No matching quizzes found
Score Distribution
Percent of People with Each Score
Percentile by Number Answered
Your Score History
You have not taken this quiz